00741nam a22002057a 450000500170000001000150001702000260003203500140005803700130007208200110008524500880009625000060018426000500019027000710024030000210031150001050033270000340043770000310047170000330050220240320110139.0 aENG-139634 a9789354423123c135.00 aEN-123166 bDBAD/PUB a88021 aMabnifience/cEdited By Vivek R. Vishwarupe; Abhijit R. Aney and Mangesh R. Adgokar a1 aHyderabadbOrient Blackswan Private Ltdc2022 a3-6-752, Himayatnagar bHyderabade500029minfo@orintblackswan.com a171p.c21cm(pbk) aBSc Part I (Semester One and Semester Two Compulsory English for Sant Gadge Baba Amravati University aVishwarupe, Vivek R. eEditor aAney , Abhijit R. eEditor a Adgokar, Mangesh R.eEditor